[Event "Titled Tuesday intern op 08th Aug Late"]
[Site "Chess.com INT"]
[Date "2023.08.08"]
[Round "2"]
[White "Taboas Rodriguez, Daniel"]
[Black "Matyunin, Maxim"]
[Result "0-1"]
[WhiteElo "2368"]
[BlackElo "2099"]
[PlyCount "82"]
[EventDate "2023.08.08"]
[EventType "swiss (blitz)"]
[EventRounds "11"]
[EventCountry "USA"]
[SourceTitle "EXT 2024"]
[Source "ChessBase"]
[SourceDate "2023.10.10"]
[SourceVersion "1"]
[SourceVersionDate "2023.10.10"]
[SourceQuality "1"]

1. d4 e6 2. Nf3 d5 3. c4 Nf6 4. Bg5 Be7 5. e3 0-0 6. Nc3 h6 7. Bh4 b6 8. Bd3 dxc4 9. Bxc4 Bb7 10. 0-0 Nbd7 11. Bg3 Rc8 12. Qe2 c5 13. Ba6 Bxa6 14. Qxa6 cxd4 15. exd4 Bb4 16. Rac1 Bxc3 17. bxc3 Nd5 18. c4 Nb4 19. Qa4 Nc6 20. d5 exd5 21. cxd5 Na5 22. Rxc8 Qxc8 23. d6 Qc6 24. Qxc6 Nxc6 25. Rc1 Nc5 26. Bf4 Rd8 27. h4 Nb4 28. Rd1 Nxa2 29. Ne5 Nc3 30. Rd2 N5e4 31. Nc6 Rd7 32. Rc2 g5 33. hxg5 hxg5 34. Be5 Nd5 35. Nb8 Rd8 36. d7 Nc5 37. Rd2 f6 38. Bg3 Nf4 39. Bxf4 gxf4 40. Re2 Nxd7 41. Rd2 Rxb8 0-1

[Event "Moscow-ch rapid"]
[Site "Moscow"]
[Date "2020.11.01"]
[Round "6"]
[White "Apryshko, Gleb"]
[Black "Matyunin, Maxim"]
[Result "0-1"]
[WhiteElo "2389"]
[BlackElo "2128"]
[PlyCount "58"]
[EventDate "2020.10.31"]
[EventType "swiss (rapid)"]
[EventRounds "9"]
[EventCountry "RUS"]
[SourceTitle "CBM 199 Extra"]
[Source "ChessBase"]
[SourceDate "2021.01.31"]
[SourceVersion "1"]
[SourceVersionDate "2021.01.31"]
[SourceQuality "1"]

1. e4 e6 2. Qe2 c5 3. b3 b6 4. Bb2 Bb7 5. e5 Nc6 6. Nf3 Be7 7. Na3 f6 8. Nc4 fxe5 9. Nfxe5 Nf6 10. Nxc6 Bxc6 11. 0-0-0 0-0 12. d4 Qc7 13. dxc5 Bxc5 14. Be5 Qb7 15. Nd6 Bxd6 16. Bxd6 Rfc8 17. f3 a5 18. a4 Bd5 19. Qe3 Qc6 20. c4 Qxd6 21. Kb2 Qc7 22. g4 Bb7 23. g5 Ng4 24. fxg4 Bxh1 25. g6 h6 26. g5 Qc5 27. Qc3 Qxg5 28. Rxd7 Qf6 29. Rd4 Rd8 0-1

[Event "Moscow-ch rapid"]
[Site "Moscow"]
[Date "2020.11.01"]
[Round "8"]
[White "Zakhartsov, Vladimir"]
[Black "Matyunin, Maxim"]
[Result "1-0"]
[WhiteElo "2484"]
[BlackElo "2128"]
[PlyCount "113"]
[EventDate "2020.10.31"]
[EventType "swiss (rapid)"]
[EventRounds "9"]
[EventCountry "RUS"]
[SourceTitle "CBM 199 Extra"]
[Source "ChessBase"]
[SourceDate "2021.01.31"]
[SourceVersion "1"]
[SourceVersionDate "2021.01.31"]
[SourceQuality "1"]

1. d4 e6 2. c4 d5 3. Nc3 Be7 4. Nf3 Nf6 5. cxd5 exd5 6. Bg5 0-0 7. e3 h6 8. Bh4 b6 9. Bd3 Be6 10. 0-0 c5 11. Ne5 Nfd7 12. Bg3 Nxe5 13. dxe5 Nc6 14. Qe2 f6 15. exf6 Bxf6 16. Rad1 Ne7 17. Bc4 Bf7 18. e4 Bd4 19. exd5 Nxd5 20. Nb5 Qf6 21. Nxd4 cxd4 22. Be5 Qg6 23. Rxd4 Nf6 24. Bd3 Qg5 25. h4 Qh5 26. Bxf6 Qxe2 27. Bxe2 gxf6 28. a3 Rac8 29. Rfd1 Rc2 30. R1d2 Rfc8 31. Bf3 Kg7 32. Rd7 Rxd2 33. Rxd2 Rc7 34. Kh2 Be6 35. Kg3 Kf7 36. Be4 Ke7 37. Rc2 Rd7 38. Re2 Kf7 39. Kf4 Rd4 40. Ke3 Rd7 41. Rd2 Rc7 42. g3 Ke7 43. Rc2 Rd7 44. Bc6 Rd6 45. Ba4 a6 46. Rc7+ Kd8 47. Rc6 Ke7 48. Rxd6 Kxd6 49. Kd4 b5 50. Bd1 a5 51. b4 axb4 52. axb4 Bc4 53. g4 Ke6 54. f4 f5 55. g5 hxg5 56. hxg5 Kd6 57. Bh5 1-0

[Event "St Petersburg Korchnoi Memorial op"]
[Site "St Petersburg"]
[Date "2019.08.15"]
[Round "2"]
[White "Faizrakhmanov, Ramil"]
[Black "Matyunin, Maxim"]
[Result "1-0"]
[WhiteElo "2440"]
[BlackElo "2173"]
[PlyCount "83"]
[EventDate "2019.08.14"]
[EventType "swiss"]
[EventRounds "9"]
[EventCountry "RUS"]
[SourceTitle "CBM 192"]
[Source "ChessBase"]
[SourceDate "2019.10.31"]
[SourceVersion "1"]
[SourceVersionDate "2019.10.31"]
[SourceQuality "1"]

1. d4 e6 2. c4 d5 3. Nf3 Nf6 4. g3 b6 5. Bg2 Bd6 6. 0-0 0-0 7. Nc3 Bb7 8. Nd2 Nbd7 9. e4 dxe4 10. Ndxe4 Rb8 11. a3 Nxe4 12. Nxe4 Nf6 13. Nxd6 cxd6 14. d5 exd5 15. Bf4 Re8 16. cxd5 Rc8 17. Qd4 Nh5 18. Be3 Qd7 19. Qh4 g6 20. Bg5 f5 21. Bf3 Ng7 22. Qd4 Qb5 23. Bh6 Rc7 24. Rfe1 Rce7 25. Rxe7 Rxe7 26. Rc1 Ne8 27. h4 Ba6 28. h5 Qd3 29. Qh4 Kf7 30. Bg5 Rd7 31. Kg2 Ng7 32. Re1 Bb7 33. Be7 Nxh5 34. Bxh5 Bxd5+ 35. f3 Qd2+ 36. Kh3 Qxb2 37. Bxd6 Be4 38. fxe4 Qf2 39. Bb4 a5 40. Bc3 Rd4 41. Bxd4 Qxe1 42. Bf3 1-0

[Event "Moscow op-F 15th"]
[Site "Moscow"]
[Date "2019.02.02"]
[Round "9"]
[White "Mamedov, Vusal"]
[Black "Matyunin, Maxim"]
[Result "1/2-1/2"]
[WhiteElo "2000"]
[BlackElo "2218"]
[PlyCount "150"]
[EventDate "2019.01.25"]
[EventType "swiss"]
[EventRounds "9"]
[EventCountry "RUS"]
[SourceTitle "CBM 188 Extra"]
[Source "ChessBase"]
[SourceDate "2019.02.26"]
[SourceVersion "1"]
[SourceVersionDate "2019.02.26"]
[SourceQuality "1"]

1. e4 e6 2. d4 d5 3. Nd2 Nf6 4. e5 Nfd7 5. Bd3 c5 6. c3 Nc6 7. Ne2 cxd4 8. cxd4 f6 9. f4 fxe5 10. dxe5 Bc5 11. Ng3 g6 12. Qg4 Qe7 13. a3 b6 14. h4 Bb7 15. Nf3 0-0-0 16. Bd2 a5 17. Ne2 Kb8 18. Nc3 Rc8 19. Ne2 Rhg8 20. Rb1 Ka7 21. Bb5 Ndb8 22. Ng5 Rge8 23. b4 axb4 24. axb4 Nxb4 25. Qxe6 Qxe6 26. Nxe6 Nc2+ 27. Kd1 Rxe6 28. Kxc2 Ba6 29. Kd3 Bxb5+ 30. Rxb5 Nc6 31. Ra1+ Kb7 32. Rab1 Ne7 33. Bb4 Bxb4 34. R1xb4 Rec6 35. Nd4 Rc3+ 36. Kd2 Ra3 37. Rxb6+ Ka8 38. Rb7 Ra2+ 39. Kd3 Nf5 40. Nxf5 gxf5 41. e6 Rc4 42. Rb8+ Ka7 43. R4b7+ Ka6 44. Rb6+ Ka7 45. R8b7+ Ka8 46. e7 Ra3+ 47. Ke2 Ra2+ 48. Ke3 Ra3+ 49. Ke2 Ra2+ 50. Ke3 Ra3+ 51. Kd2 Ra2+ 52. Kd3 Ra3+ 53. Rb3 Re4 54. Rb8+ Ka7 55. Rxa3+ Kxb8 56. Ra5 Rxe7 57. Rxd5 Rg7 58. Rxf5 Rxg2 59. Ke4 Re2+ 60. Kf3 Re7 61. Kg4 Kc7 62. Kg5 Kd6 63. h5 Ra7 64. Rf6+ Ke7 65. Rh6 Kf8 66. f5 Kg7 67. Re6 Rb7 68. h6+ Kf7 69. Rc6 Re7 70. Rc8 Re8 71. Rxe8 Kxe8 72. Kf6 Kf8 73. Ke6 Ke8 74. Kf6 Kf8 75. Kg5 Kf7 1/2-1/2

[Event "Moscow op-F 15th"]
[Site "Moscow"]
[Date "2019.01.27"]
[Round "3"]
[White "Bazarov, Vladimir"]
[Black "Matyunin, Maxim"]
[Result "1-0"]
[WhiteElo "1800"]
[BlackElo "2218"]
[PlyCount "129"]
[EventDate "2019.01.25"]
[EventType "swiss"]
[EventRounds "9"]
[EventCountry "RUS"]
[SourceTitle "CBM 188 Extra"]
[Source "ChessBase"]
[SourceDate "2019.02.26"]
[SourceVersion "1"]
[SourceVersionDate "2019.02.26"]
[SourceQuality "1"]

1. e4 e6 2. d4 d5 3. Nd2 Nf6 4. e5 Nfd7 5. Bd3 c5 6. c3 Nc6 7. Ndf3 cxd4 8. cxd4 f6 9. exf6 Nxf6 10. Ne2 Bd6 11. 0-0 Qc7 12. Be3 0-0 13. Ng3 Bd7 14. Rc1 Rae8 15. a3 Qb8 16. Bb1 e5 17. dxe5 Nxe5 18. Nxe5 Bxe5 19. Bd4 Bc6 20. Bxe5 Qxe5 21. Qd2 Ne4 22. Nxe4 dxe4 23. Rc3 Rf6 24. Re1 Rh6 25. h3 Rd6 26. Qe3 Qb5 27. b4 Qh5 28. Ba2+ Kh8 29. Rc5 Qg6 30. b5 Rd3 31. Qf4 Rf3 32. Qg4 Qxg4 33. hxg4 Rxa3 34. bxc6 bxc6 35. Bf7 Re7 36. Rxc6 g6 37. Bd5 e3 38. Rxe3 Raxe3 39. fxe3 Rxe3 40. Rc8+ Kg7 41. Rc7+ Kh6 42. Rxa7 Kg5 43. Bf3 h6 44. Kf2 Re5 45. Rd7 Kf4 46. Rd4+ Kg5 47. Rd5 Rxd5 48. Bxd5 Kxg4 49. Bf7 Kg5 50. Kg3 Kf6 51. Be8 Kg5 52. Bd7 Kf6 53. Kg4 Ke7 54. Bb5 Kf6 55. Bd3 Kg7 56. Kf4 Kf6 57. Bc2 Kg7 58. Ke5 Kf7 59. Bd3 Kg7 60. Ke6 h5 61. Be4 h4 62. Bf3 h3 63. g4 Kh6 64. Kf6 h2 65. g5+ 1-0

[Event "Moscow-ch rapid"]
[Site "Moscow"]
[Date "2018.12.09"]
[Round "11"]
[White "Chudinovskikh, Alexander M"]
[Black "Matyunin, Maxim"]
[Result "1-0"]
[WhiteElo "2184"]
[BlackElo "2218"]
[PlyCount "109"]
[EventDate "2018.12.08"]
[EventType "swiss (rapid)"]
[EventRounds "11"]
[EventCountry "RUS"]
[SourceTitle "CBM 187 Extra"]
[Source "ChessBase"]
[SourceDate "2018.11.04"]
[SourceVersion "1"]
[SourceVersionDate "2018.11.04"]
[SourceQuality "1"]

1. e4 e6 2. d4 d5 3. exd5 exd5 4. Nf3 Bd6 5. c4 c6 6. Nc3 Ne7 7. Bd3 0-0 8. 0-0 dxc4 9. Bxc4 Bg4 10. h3 Bh5 11. Ne4 Nd5 12. Ng3 Bg6 13. Ne5 Bxe5 14. dxe5 Re8 15. f4 Qh4 16. Kh2 Ne7 17. Qg4 Qxg4 18. hxg4 Bc2 19. a4 Rd8 20. b3 b5 21. axb5 cxb5 22. Bxb5 Bxb3 23. Ba3 Nbc6 24. Rac1 Bd5 25. Rfd1 a6 26. Ba4 Rac8 27. Bd6 Be6 28. f5 Nxe5 29. Bxe5 Rxd1 30. Rxd1 Bc4 31. Rc1 Bd5 32. Rxc8+ Nxc8 33. Bc7 Na7 34. Ne2 Kf8 35. Bd6+ Kg8 36. Nf4 Be4 37. Kg3 Nc8 38. Bc5 f6 39. Bb3+ Kh8 40. Be6 Bb7 41. Kf2 a5 42. Ke3 a4 43. Kd4 g6 44. Bf8 Na7 45. Kc5 Be4 46. Kb6 Nc6 47. Nd5 Ne5 48. Nxf6 gxf5 49. gxf5 Bxg2 50. Nh5 h6 51. Bg7+ Kh7 52. Bxe5 Bh3 53. Nf6+ Kg7 54. Ng4+ Kh7 55. f6 1-0